[Event "69. UEM M1"]
[Site "Schweinfurt / Germany"]
[Date "2018.04.06"]
[Round "7.1"]
[White "Blank, Stefan"]
[Black "Reinl, Fred"]
[Result "0-1"]
[WhiteElo "1779"]
[BlackElo "1963"]
[Annotator "Lukas, Norbert"]
[PlyCount "115"]
[EventDate "2018.04.02"]
[EventType "tourn"]
[EventRounds "9"]
[EventCountry "GER"]
[SourceTitle "69. UEM"]
[Source "SK SW 2000 e.V."]
[SourceDate "2018.04.08"]
[SourceVersion "1"]
[SourceVersionDate "2018.04.08"]
[SourceQuality "1"]
[WhiteTeam "Schachclub Sulzbach"]
[BlackTeam "Schachklub Schweinfurt 2000 e.V."]

1. e4 e6 2. d3 b6 3. Nf3 Bb7 4. g3 d5 5. Nbd2 Nf6 6. e5 Nfd7 7. Bg2 c5 8. O-O
Nc6 9. Re1 Qc7 10. Qe2 Be7 11. Nf1 O-O 12. h4 Nd4 13. Nxd4 cxd4 14. Bf4 Rfc8
15. Rac1 Qd8 16. Nh2 Rc7 17. Qg4 Kh8 18. Nf3 Rac8 19. Nxd4 a6 20. c3 b5 21. a3
Nc5 22. Rcd1 Qf8 23. Bh3 Rb8 24. Qh5 g6 25. Qe2 Bc8 26. Qd2 Bd7 27. Bh6 Qd8 28.
Kg2 Kg8 29. Rh1 Bf8 30. Bg5 Be7 31. Rh2 Rb6 32. Rdh1 f6 33. exf6 Bxf6 34. Qe3
e5 35. Nf3 e4 36. dxe4 dxe4 37. Bxd7 Qxd7 38. b4 exf3+ 39. Qxf3 Bxg5 40. bxc5
Rf6 41. Qe2 Qc6+ 42. f3 Bh6 43. g4 Bg7 44. g5 Rf5 45. Rd1 Rcf7 46. Rd3 Bf8 47.
Rh1 Qxc5 48. Rhd1 Rf4 49. Kg3 Qc7 50. Kh3 Qc4 51. Qf2 Qe6+ 52. Kg2 Qf5 53. Re3
Rg4+ 54. Kf1 Ra4 55. Rdd3 Bc5 56. Rd8+ Bf8 57. Qd2 Qh3+ 58. Kf2 {
Zeitüberschreitung} 0-1

[Event "69. UEM M1"]
[Site "Schweinfurt / Germany"]
[Date "2018.04.06"]
[Round "7.4"]
[White "Seidens, Udo"]
[Black "Mehling, Katharina"]
[Result "0-1"]
[WhiteElo "2173"]
[BlackElo "1895"]
[Annotator "Lukas, Norbert"]
[PlyCount "53"]
[EventDate "2018.04.02"]
[EventType "tourn"]
[EventRounds "9"]
[EventCountry "GER"]
[SourceTitle "69. UEM"]
[Source "SK SW 2000 e.V."]
[SourceDate "2018.04.08"]
[SourceVersion "1"]
[SourceVersionDate "2018.04.08"]
[SourceQuality "1"]
[WhiteTeam "Schachklub Schweinfurt 2000 e.V."]
[BlackTeam "Spvgg 1946 e.V. Stetten"]

1. c4 e5 2. g3 Nc6 3. Bg2 Bc5 4. Nc3 a6 5. e3 d6 6. Nge2 Ba7 7. O-O h5 8. h3 f5
9. d4 h4 10. Nd5 g5 11. dxe5 dxe5 12. Qc2 Nf6 13. e4 f4 14. gxf4 gxf4 15. Nexf4
Nd4 16. Qd3 c6 17. Ng6 Rh7 18. Nde7 Rxe7 19. Nxe7 Qxe7 20. Bg5 Be6 21. Kh1 Qg7
22. Bxh4 Nh5 23. f4 Nxf4 24. Rxf4 exf4 25. e5 f3 26. Bxf3 Qh6 27. Bg4 0-1

[Event "69. UEM M1"]
[Site "Schweinfurt / Germany"]
[Date "2018.04.06"]
[Round "8.1"]
[White "Reinl, Fred"]
[Black "Mueller, Lutz"]
[Result "0-1"]
[WhiteElo "1963"]
[BlackElo "2005"]
[Annotator "Lukas, Norbert"]
[PlyCount "78"]
[EventDate "2018.04.02"]
[EventType "tourn"]
[EventRounds "9"]
[EventCountry "GER"]
[SourceTitle "69. UEM"]
[Source "SK SW 2000 e.V."]
[SourceDate "2018.04.08"]
[SourceVersion "1"]
[SourceVersionDate "2018.04.08"]
[SourceQuality "1"]
[WhiteTeam "Schachklub Schweinfurt 2000 e.V."]
[BlackTeam "SC Bad Königshofen 1957"]

1. e4 c5 2. Nf3 d6 3. Nc3 Nc6 4. Bb5 Bd7 5. Bxc6 bxc6 6. d3 g6 7. O-O Bg7 8.
Bd2 e5 9. Qc1 h6 10. Rb1 f5 11. exf5 gxf5 12. Re1 Kf8 13. h3 Bf6 14. Nd1 Be6
15. b3 Bd5 16. Nh2 h5 17. c4 Bf7 18. Nf3 Ne7 19. Bh6+ Kg8 20. Bg5 Ng6 21. Nc3
h4 22. Ne2 Rh5 23. Bd2 Nf8 24. Kh2 Ne6 25. g4 fxg4 26. hxg4 Rh7 27. g5 Bg7 28.
Rg1 Bg6 29. Ne1 d5 30. Nc3 Qd6 31. Kh1 Rf8 32. f3 Nd4 33. Qd1 h3 34. Be3 h2 35.
Rf1 Bh8 36. Bf2 Qe6 37. cxd5 cxd5 38. Qc1 Qh3 39. Bxd4 Qxf1+ 0-1

[Event "69. UEM M1"]
[Site "Schweinfurt / Germany"]
[Date "2018.04.06"]
[Round "8.5"]
[White "Blank, Stefan"]
[Black "Hofstetter, Hans Joachim"]
[Result "0-1"]
[WhiteElo "1779"]
[BlackElo "2181"]
[Annotator "Lukas, Norbert"]
[PlyCount "78"]
[EventDate "2018.04.02"]
[EventType "tourn"]
[EventRounds "9"]
[EventCountry "GER"]
[SourceTitle "69. UEM"]
[Source "SK SW 2000 e.V."]
[SourceDate "2018.04.08"]
[SourceVersion "1"]
[SourceVersionDate "2018.04.08"]
[SourceQuality "1"]
[WhiteTeam "Schachclub Sulzbach"]
[BlackTeam "SK 1933 Bad Neustadt"]

1. e4 e5 2. Nf3 Nc6 3. d3 Nf6 4. Be2 d5 5. Nbd2 h6 6. O-O Bc5 7. c3 Bb6 8. Qc2
O-O 9. a3 a6 10. b4 Qe7 11. Bb2 Bg4 12. exd5 Nxd5 13. Rae1 Rfe8 14. c4 Nf4 15.
Bd1 Qd7 16. c5 Ba7 17. Re3 Rad8 18. Nc4 Nxd3 19. Bc3 e4 20. Nfd2 Bxd1 21. Qxd1
f5 22. Rg3 Re7 23. Qh5 Qe6 24. Rg6 Nf4 25. Rxe6 Nxh5 26. Rxe7 Nxe7 27. Re1 b5
28. Ne5 Nf4 29. Re3 Ned5 30. Bd4 Nxe3 31. Bxe3 Ne6 32. Nc6 Ra8 33. Ne7+ Kf7 34.
Nxf5 Rd8 35. g4 Rd3 36. Nxe4 Rxa3 37. Bd2 a5 38. bxa5 Nxc5 39. Bb4 Ra1+ 0-1

[Event "69. UEM M1"]
[Site "Schweinfurt / Germany"]
[Date "2018.04.06"]
[Round "8.2"]
[White "Mehling, Katharina"]
[Black "Seuffert, Gabriel"]
[Result "0-1"]
[WhiteElo "1895"]
[BlackElo "2302"]
[Annotator "Lukas, Norbert"]
[PlyCount "78"]
[EventDate "2018.04.02"]
[EventType "tourn"]
[EventRounds "9"]
[EventCountry "GER"]
[SourceTitle "69. UEM"]
[Source "SK SW 2000 e.V."]
[SourceDate "2018.04.08"]
[SourceVersion "1"]
[SourceVersionDate "2018.04.08"]
[SourceQuality "1"]
[WhiteTeam "Spvgg 1946 e.V. Stetten"]
[BlackTeam "Schachklub Schweinfurt 2000 e.V."]

1. d4 Nf6 2. Nc3 d5 3. Bg5 c5 4. e4 Nxe4 5. Nxe4 dxe4 6. dxc5 Qa5+ 7. Qd2 Qxd2+
8. Bxd2 e5 9. Ne2 Bxc5 10. Nc3 Bf5 11. Nd5 Bd6 12. O-O-O Nc6 13. Bb5 O-O 14. h3
Nd4 15. Bf1 Be6 16. Nc3 Rac8 17. Kb1 f5 18. Be3 Bb4 19. Bd2 Be7 20. Rh2 Rfd8
21. Rh1 a6 22. a3 h6 23. Bc1 Kf7 24. Re1 b5 25. g4 Nf3 26. Re3 Bg5 27. gxf5
Bxf5 28. Re2 Be7 29. Bg2 Nd4 30. Rd2 Bg5 31. Bxe4 Bxd2 32. Bxd2 Bxe4 33. Nxe4
Rxc2 34. Rf1 Rc4 35. Bb4 Nf3 36. Ng3 Rxb4 37. axb4 Nd2+ 38. Kc2 Nxf1 39. Nxf1
Rd4 0-1

[Event "69. UEM M1"]
[Site "Schweinfurt / Germany"]
[Date "2018.04.07"]
[Round "9.2"]
[White "Helm, Timo"]
[Black "Blank, Stefan"]
[Result "1-0"]
[WhiteElo "2071"]
[BlackElo "1779"]
[Annotator "Lukas, Norbert"]
[PlyCount "87"]
[EventDate "2018.04.02"]
[EventType "tourn"]
[EventRounds "9"]
[EventCountry "GER"]
[SourceTitle "69. UEM"]
[Source "SK SW 2000 e.V."]
[SourceDate "2018.04.08"]
[SourceVersion "1"]
[SourceVersionDate "2018.04.08"]
[SourceQuality "1"]
[WhiteTeam "SC Bad Königshofen 1957"]
[BlackTeam "Schachclub Sulzbach"]

1. e4 c5 2. Nc3 d6 3. f4 Nc6 4. Nf3 g6 5. Bb5 Bd7 6. d3 a6 7. Bxc6 Bxc6 8. O-O
Bg7 9. Qe1 e6 10. Bd2 Ne7 11. Nh4 Bf6 12. Nf3 h6 13. h3 Qd7 14. e5 Bg7 15. exd6
Qxd6 16. Ne4 Bxe4 17. dxe4 O-O 18. c3 Rad8 19. Rd1 Qb6 20. Bc1 Rxd1 21. Qxd1
Rd8 22. Qe2 Qa5 23. a3 Qc7 24. Rd1 Rxd1+ 25. Qxd1 b5 26. Be3 Bf8 27. Ne5 c4 28.
Ng4 Nc6 29. Nf6+ Kh8 30. e5 Nb8 31. Qd2 Be7 32. Ne4 Qc6 33. Nf2 Nd7 34. Kh2 Nc5
35. Bxc5 Bxc5 36. Qd8+ Kg7 37. Qf6+ Kg8 38. Ng4 Bf8 39. Qd8 Qc5 40. Nxh6+ Kg7
41. Qf6+ Kh7 42. Nxf7 Bg7 43. Ng5+ Kg8 44. Qxg7+ 1-0

[Event "69. UEM M1"]
[Site "Schweinfurt / Germany"]
[Date "2018.04.07"]
[Round "9.5"]
[White "Mueller, Lutz"]
[Black "Mehling, Katharina"]
[Result "0-1"]
[WhiteElo "2005"]
[BlackElo "1895"]
[Annotator "Lukas, Norbert"]
[PlyCount "66"]
[EventDate "2018.04.02"]
[EventType "tourn"]
[EventRounds "9"]
[EventCountry "GER"]
[SourceTitle "69. UEM"]
[Source "SK SW 2000 e.V."]
[SourceDate "2018.04.08"]
[SourceVersion "1"]
[SourceVersionDate "2018.04.08"]
[SourceQuality "1"]
[WhiteTeam "SC Bad Königshofen 1957"]
[BlackTeam "Spvgg 1946 e.V. Stetten"]

1. d4 Nf6 2. Nf3 g6 3. c4 Bg7 4. Nc3 O-O 5. e4 d6 6. Be2 Nbd7 7. O-O e5 8. d5
Ne8 9. Rb1 f5 10. b4 f4 11. Nd2 g5 12. Nb3 Ndf6 13. h3 Bd7 14. c5 Qc8 15. f3 h5
16. Kf2 g4 17. hxg4 hxg4 18. Rh1 g3+ 19. Ke1 Kf7 20. b5 dxc5 21. Nxc5 Nd6 22.
Nd3 Qe8 23. Qb3 Qe7 24. Nxf4 Rh8 25. Rg1 exf4 26. Bxf4 Nh5 27. Be3 Qe5 28. Na4
Nf4 29. Bf1 Bh6 30. Nc5 Ke7 31. Qa3 Nxd5 32. Bxh6 Rxh6 33. Kd2 Qd4+ 0-1

[Event "69. UEM M1"]
[Site "Schweinfurt / Germany"]
[Date "2018.04.07"]
[Round "9.1"]
[White "Hofstetter, Hans Joachim"]
[Black "Reinl, Fred"]
[Result "1/2-1/2"]
[WhiteElo "2181"]
[BlackElo "1963"]
[Annotator "Lukas, Norbert"]
[PlyCount "108"]
[EventDate "2018.04.02"]
[EventType "tourn"]
[EventRounds "9"]
[EventCountry "GER"]
[SourceTitle "69. UEM"]
[Source "SK SW 2000 e.V."]
[SourceDate "2018.04.08"]
[SourceVersion "1"]
[SourceVersionDate "2018.04.08"]
[SourceQuality "1"]
[WhiteTeam "SK 1933 Bad Neustadt"]
[BlackTeam "Schachklub Schweinfurt 2000 e.V."]

1. e4 e6 2. d4 d5 3. e5 c5 4. c3 Nc6 5. Nf3 Qc7 6. Be2 cxd4 7. cxd4 Bb4+ 8. Bd2
Nge7 9. Bxb4 Nxb4 10. Nc3 a6 11. Rc1 Nbc6 12. O-O O-O 13. Bd3 g6 14. Bb1 f6 15.
a3 fxe5 16. Nxe5 Nf5 17. Nxc6 bxc6 18. Qd2 Qe7 19. Rfd1 e5 20. dxe5 Qxe5 21.
Na4 Ng7 22. Re1 Qf6 23. b4 Bf5 24. Ba2 Rad8 25. Qe2 Rf7 26. Qxa6 Rdf8 27. Qe2
Bd3 28. Qxd3 Qxf2+ 29. Kh1 Qxa2 30. Nc5 Ra8 31. a4 Qb2 32. Rb1 Qa2 33. a5 Nf5
34. Nb3 Qf2 35. Rf1 Qh4 36. Nc5 Raf8 37. Rf3 Re8 38. g3 Qh5 39. Kg2 Qg5 40. Kg1
Rfe7 41. Qf1 Nd4 42. Rf2 Ne2+ 43. Kg2 Re3 44. Rb3 Rxb3 45. Nxb3 Qe3 46. Nc5 d4
47. Rf3 Qd2 48. g4 Nf4+ 49. Kg3 g5 50. Nd3 Ne2+ 51. Kg2 Nf4+ 52. Kg3 Ne2+ 53.
Kg2 Nf4+ 54. Kg3 Ne2+ 1/2-1/2

[Event "69. UEM M1"]
[Site "Schweinfurt / Germany"]
[Date "2018.04.07"]
[Round "9.3"]
[White "Seidens, Udo"]
[Black "Markert, Markus"]
[Result "1/2-1/2"]
[WhiteElo "2173"]
[BlackElo "1998"]
[Annotator "Lukas, Norbert"]
[PlyCount "76"]
[EventDate "2018.04.02"]
[EventType "tourn"]
[EventRounds "9"]
[EventCountry "GER"]
[SourceTitle "69. UEM"]
[Source "SK SW 2000 e.V."]
[SourceDate "2018.04.08"]
[SourceVersion "1"]
[SourceVersionDate "2018.04.08"]
[SourceQuality "1"]
[WhiteTeam "Schachklub Schweinfurt 2000 e.V."]
[BlackTeam "SK 1933 Bad Neustadt"]

1. c4 e5 2. g3 Nc6 3. Bg2 Bc5 4. Nc3 a6 5. e3 d6 6. Nge2 Ba7 7. h3 Nge7 8. b3
Rb8 9. O-O O-O 10. d4 Ng6 11. f4 exf4 12. Nxf4 Nxf4 13. Rxf4 Ne7 14. Qd3 Ng6
15. Rf2 b5 16. cxb5 axb5 17. Nxb5 Ba6 18. a4 Rb6 19. Qc2 Bb8 20. Nc3 Qg5 21. a5
Rb4 22. Nd5 c5 23. Kh2 Rb7 24. Rf5 Qd8 25. Bd2 Ra7 26. Rh5 Qc8 27. Rc1 Re8 28.
dxc5 Be2 29. Rf5 dxc5 30. Rf2 Bh5 31. Qxc5 Qd8 32. Nf4 Nxf4 33. exf4 Bg6 34. b4
Rd7 35. Qb5 Bd3 36. Qb6 Ba7 37. Qxd8 Rdxd8 38. Rf3 Be2 1/2-1/2

[Event "69. UEM M2"]
[Site "Schweinfurt / Germany"]
[Date "2018.04.02"]
[Round "1.6"]
[White "Boehl, Marius"]
[Black "Kuhn, Norbert"]
[Result "0-1"]
[WhiteElo "1821"]
[BlackElo "2084"]
[Annotator "Lukas, Norbert"]
[PlyCount "96"]
[EventDate "2018.04.02"]
[EventType "swiss"]
[EventRounds "9"]
[EventCountry "GER"]
[SourceTitle "69. UEM"]
[Source "SK SW 2000 e.V."]
[SourceDate "2018.04.08"]
[SourceVersion "1"]
[SourceVersionDate "2018.04.08"]
[SourceQuality "1"]

1. d4 d5 2. Nf3 e6 3. c4 Nf6 4. g3 c5 5. cxd5 Nxd5 6. Bg2 Nc6 7. O-O cxd4 8.
Nxd4 Bd7 9. a3 Be7 10. e4 Nf6 11. Nc3 O-O 12. Be3 Nxd4 13. Bxd4 Bc6 14. b4 a6
15. e5 Nd5 16. Nxd5 Bxd5 17. Bxd5 Qxd5 18. Bb2 Rfd8 19. Qxd5 Rxd5 20. Rfd1
Rxd1+ 21. Rxd1 Kf8 22. Rd7 Rb8 23. Bd4 Ke8 24. Rc7 Bd8 25. Rc3 Kd7 26. Kf1 Rc8
27. Rxc8 Kxc8 28. Ke2 Kd7 29. Kd3 Kc6 30. Kc4 b5+ 31. Kd3 Kd5 32. f4 g5 33. Bc3
Bb6 34. fxg5 Bc7 35. Bd2 Bxe5 36. Bc1 Bd4 37. g4 e5 38. h4 e4+ 39. Ke2 Kc4 40.
Be3 Bxe3 41. Kxe3 Kd5 42. h5 Ke5 43. h6 Kd5 44. Kf4 Kd4 45. Kf5 e3 46. Kf6 e2
47. Kg7 e1=Q 48. Kxh7 Qh4 0-1

[Event "69. UEM M2"]
[Site "Schweinfurt / Germany"]
[Date "2018.04.02"]
[Round "1.7"]
[White "Basel, Matthias"]
[Black "Mueller, Gerhard"]
[Result "1-0"]
[WhiteElo "2071"]
[BlackElo "1799"]
[Annotator "Lukas, Norbert"]
[PlyCount "65"]
[EventDate "2018.04.02"]
[EventType "swiss"]
[EventRounds "9"]
[EventCountry "GER"]
[SourceTitle "69. UEM"]
[Source "SK SW 2000 e.V."]
[SourceDate "2018.04.08"]
[SourceVersion "1"]
[SourceVersionDate "2018.04.08"]
[SourceQuality "1"]

1. Nf3 g6 2. d4 Bg7 3. c4 e6 4. Nc3 Nf6 5. e4 d6 6. Be2 b6 7. Qc2 Bb7 8. h3
Nbd7 9. Bg5 h6 10. Be3 a6 11. Nd2 Nh7 12. O-O-O Qe7 13. Kb1 O-O-O 14. Nb3 Ng5
15. Bd3 Kb8 16. f4 Nh7 17. Qf2 Rhe8 18. Rhe1 Rc8 19. Rc1 Red8 20. Qe2 Ka7 21.
c5 dxc5 22. dxc5 Bxc3 23. Rxc3 Nb8 24. cxb6+ cxb6 25. Bxb6+ Ka8 26. Bxd8 Rxd8
27. e5 f5 28. Nc5 Bd5 29. Bxa6 Qa7 30. Rec1 Nc6 31. Ra3 Kb8 32. Qb5+ Kc7 33.
Nxe6+ 1-0

[Event "69. UEM M2"]
[Site "Schweinfurt / Germany"]
[Date "2018.04.02"]
[Round "1.3"]
[White "Pommeranz, Mika"]
[Black "Gehrig, Thomas"]
[Result "0-1"]
[WhiteElo "1795"]
[BlackElo "2066"]
[Annotator "Lukas, Norbert"]
[PlyCount "96"]
[EventDate "2018.04.02"]
[EventType "swiss"]
[EventRounds "9"]
[EventCountry "GER"]
[SourceTitle "69. UEM"]
[Source "SK SW 2000 e.V."]
[SourceDate "2018.04.08"]
[SourceVersion "1"]
[SourceVersionDate "2018.04.08"]
[SourceQuality "1"]
[WhiteTeam "SC 1930 Großwelzheim"]
[BlackTeam "SC Maßbach 1951"]

1. d4 d5 2. Bf4 Nf6 3. e3 e6 4. Nf3 c6 5. Nbd2 Nbd7 6. Bd3 c5 7. c3 h6 8. h4 c4
9. Bc2 b5 10. e4 Bb7 11. e5 Ng8 12. Qe2 Qa5 13. O-O Ne7 14. h5 Nc6 15. a3 Be7
16. Nh2 O-O-O 17. b4 Qc7 18. a4 a6 19. axb5 axb5 20. Qg4 Rdg8 21. Be3 Nd8 22.
f4 f5 23. exf6 gxf6 24. Qh3 Rg7 25. Rf2 Rhg8 26. Ndf1 f5 27. Nf3 Nf6 28. Ne5
Ng4 29. Re2 Nxe5 30. fxe5 Nf7 31. Ra5 Qb6 32. Bxf5 exf5 33. Qxf5+ Kd8 34. Rea2
Qc6 35. Bf4 Ng5 36. Kh2 Rf8 37. Qg4 Ne6 38. Qd1 Nxf4 39. Ne3 Ke8 40. g4 Qc8 41.
Rxb5 Bc6 42. Rb6 Rg5 43. Nf5 Rfxf5 44. gxf5 Qxf5 45. Rb8+ Kf7 46. e6+ Kf6 47.
Qf1 Rg4 48. Rf2 Qxh5+ 0-1

[Event "69. UEM M2"]
[Site "Schweinfurt / Germany"]
[Date "2018.04.02"]
[Round "1.9"]
[White "Ullrich, Daniel"]
[Black "Basel, Moritz"]
[Result "0-1"]
[WhiteElo "1691"]
[BlackElo "1871"]
[Annotator "Lukas, Norbert"]
[PlyCount "50"]
[EventDate "2018.04.02"]
[EventType "swiss"]
[EventRounds "9"]
[EventCountry "GER"]
[SourceTitle "69. UEM"]
[Source "SK SW 2000 e.V."]
[SourceDate "2018.04.08"]
[SourceVersion "1"]
[SourceVersionDate "2018.04.08"]
[SourceQuality "1"]
[WhiteTeam "SC 1947 Bergrheinfeld"]
[BlackTeam "SC Kitzingen von 1905"]

1. e4 e5 2. Nf3 Nc6 3. Bc4 Nf6 4. Ng5 d5 5. exd5 Na5 6. Bb5+ c6 7. dxc6 bxc6 8.
Bd3 Nd5 9. Nf3 Bd6 10. Nc3 O-O 11. Ne4 Bc7 12. Ng3 Nf4 13. Bf1 e4 14. Ng1 Re8
15. N1e2 Bg4 16. h3 Bxe2 17. Nxe2 Nd3+ 18. cxd3 exd3 19. Qa4 Qd5 20. f3 Rxe2+
21. Bxe2 Re8 22. Qg4 Rxe2+ 23. Kd1 f5 24. Qb4 Rxg2 25. Rf1 Qxf3+ 0-1

[Event "69. UEM M2"]
[Site "Schweinfurt / Germany"]
[Date "2018.04.02"]
[Round "1.6"]
[White "Drescher, Frank"]
[Black "Heller, Thomas"]
[Result "1-0"]
[WhiteElo "1950"]
[BlackElo "1775"]
[Annotator "Lukas, Norbert"]
[PlyCount "73"]
[EventDate "2018.04.02"]
[EventType "swiss"]
[EventRounds "9"]
[EventCountry "GER"]
[SourceTitle "69. UEM"]
[Source "SK SW 2000 e.V."]
[SourceDate "2018.04.08"]
[SourceVersion "1"]
[SourceVersionDate "2018.04.08"]
[SourceQuality "1"]
[WhiteTeam "SC 1947 Bergrheinfeld"]
[BlackTeam "SV Bergtheim"]

1. d4 d5 2. c4 e6 3. Nf3 Nf6 4. e3 b6 5. Nbd2 Bd6 6. b3 Bb7 7. Bd3 Nbd7 8. Bb2
Qe7 9. O-O Ba3 10. Bxa3 Qxa3 11. Qc2 c6 12. Rfe1 h6 13. Bf1 Qd6 14. Rad1 O-O-O
15. cxd5 exd5 16. a4 Rhe8 17. Bd3 Kb8 18. a5 b5 19. Rc1 a6 20. e4 dxe4 21. Nxe4
Nxe4 22. Bxe4 Rc8 23. Bf5 Rxe1+ 24. Rxe1 Rd8 25. Bxd7 Qxd7 26. Re5 Qd6 27. Qc3
Bc8 28. h3 Be6 29. Qe1 Bc8 30. Re7 Rd7 31. Re8 Rd8 32. Re7 Rd7 33. Re8 Kc7 34.
Qe3 Qb4 35. d5 c5 36. Qe6 Rd6 37. Qxc8# 1-0

[Event "69. UEM M2"]
[Site "Schweinfurt / Germany"]
[Date "2018.04.02"]
[Round "1.5"]
[White "Müller, Kai"]
[Black "Ersöz, Can"]
[Result "1/2-1/2"]
[WhiteElo "1787"]
[BlackElo "1972"]
[Annotator "Lukas, Norbert"]
[PlyCount "91"]
[EventDate "2018.04.02"]
[EventType "swiss"]
[EventRounds "9"]
[EventCountry "GER"]
[SourceTitle "69. UEM"]
[Source "SK SW 2000 e.V."]
[SourceDate "2018.04.08"]
[SourceVersion "1"]
[SourceVersionDate "2018.04.08"]
[SourceQuality "1"]
[WhiteTeam "SC Kitzingen von 1905"]
[BlackTeam "SV Würzburg von 1865 e.V."]

1. e4 c5 2. c3 e5 3. Nf3 Nc6 4. Bc4 Qc7 5. d3 Nf6 6. Ng5 Nd8 7. f4 exf4 8. O-O
Ne6 9. Na3 a6 10. Bxe6 dxe6 11. Bxf4 e5 12. Bg3 h6 13. Nf3 Bd6 14. Nc4 Bg4 15.
Ne3 Be6 16. Nh4 O-O-O 17. Nhf5 Bf8 18. Bh4 g5 19. Bg3 Nxe4 20. d4 Nxg3 21. hxg3
exd4 22. cxd4 Kb8 23. d5 Qe5 24. Qf3 Bxd5 25. Nxd5 Qxd5 26. Qc3 c4 27. Rad1
Bc5+ 28. Kh2 Qe6 29. Rde1 Qd5 30. Ne7 Qd3 31. Qa5 Qd6 32. Rxf7 Bb4 33. Nc6+
Qxc6 34. Qxb4 Rhe8 35. Rxe8 Rxe8 36. Rf8 Rxf8 37. Qxf8+ Ka7 38. Qb4 Kb8 39.
Qf8+ Ka7 40. Qb4 Qb5 41. Qc3 a5 42. Qe3+ b6 43. Qe7+ Ka6 44. Qe6 Qc5 45. a4 h5
46. Qe8 1/2-1/2

[Event "69. UEM M2"]
[Site "Schweinfurt / Germany"]
[Date "2018.04.02"]
[Round "1.7"]
[White "Heilmann, Karl Ludwig"]
[Black "Krenz, Dieter"]
[Result "1/2-1/2"]
[WhiteElo "1754"]
[BlackElo "1893"]
[Annotator "Lukas, Norbert"]
[PlyCount "90"]
[EventDate "2018.04.02"]
[EventType "swiss"]
[EventRounds "9"]
[EventCountry "GER"]
[SourceTitle "69. UEM"]
[Source "SK SW 2000 e.V."]
[SourceDate "2018.04.08"]
[SourceVersion "1"]
[SourceVersionDate "2018.04.08"]
[SourceQuality "1"]
[WhiteTeam "SK Gerolzhofen"]
[BlackTeam "SC Prichsenstadt"]

1. e4 Nf6 2. Nc3 d5 3. e5 d4 4. exf6 dxc3 5. fxg7 cxd2+ 6. Qxd2 Qxd2+ 7. Bxd2
Bxg7 8. O-O-O Nc6 9. Bb5 Bd7 10. Ne2 O-O-O 11. Bc3 Rhg8 12. Bxc6 Bh6+ 13. f4
Bxc6 14. Rxd8+ Rxd8 15. Rg1 Rd5 16. g3 e6 17. Bf6 Bf8 18. Nd4 Bc5 19. Rd1 Rd7
20. c3 Be4 21. Re1 Bg2 22. f5 Bxd4 23. cxd4 Bh3 24. fxe6 Bxe6 25. a3 Rd5 26.
Kc2 Rf5 27. Be5 Rf2+ 28. Kc3 Rxh2 29. Bf4 Kd7 30. Re5 c6 31. b4 Ra2 32. Bc1 Rg2
33. Bf4 f5 34. b5 Ra2 35. bxc6+ bxc6 36. Ra5 Bd5 37. Rxa7+ Ke6 38. Bc1 Rh2 39.
Bf4 Be4 40. Bd2 Rg2 41. Rxh7 Rxg3+ 42. Kb4 Rg2 43. Bf4 Rf2 44. Rh6+ Kd7 45. Rh4
Rb2+ 1/2-1/2

[Event "69. UEM M2"]
[Site "Schweinfurt / Germany"]
[Date "2018.04.02"]
[Round "1.10"]
[White "Scholz, Michael"]
[Black "Linz, Maximilian"]
[Result "1/2-1/2"]
[WhiteElo "1861"]
[BlackElo "1655"]
[Annotator "Lukas, Norbert"]
[PlyCount "81"]
[EventDate "2018.04.02"]
[EventType "swiss"]
[EventRounds "9"]
[EventCountry "GER"]
[SourceTitle "69. UEM"]
[Source "SK SW 2000 e.V."]
[SourceDate "2018.04.08"]
[SourceVersion "1"]
[SourceVersionDate "2018.04.08"]
[SourceQuality "1"]
[WhiteTeam "SK 1928 Mömbris"]
[BlackTeam "SF Zeiler Turm"]

1. e4 Nf6 2. Nc3 d6 3. f4 e5 4. Nf3 exf4 5. d4 Qe7 6. Bd3 c6 7. Bxf4 Nxe4 8.
Nxe4 d5 9. Qe2 dxe4 10. Qxe4 Qxe4+ 11. Bxe4 Be7 12. O-O O-O 13. Rfe1 Bf6 14. c3
h6 15. Rad1 Be6 16. b3 Nd7 17. c4 Rad8 18. Bc7 Rc8 19. Bd6 Rfd8 20. h3 Nb6 21.
Bg3 Rd7 22. Re2 Rcd8 23. Red2 g5 24. Ne5 Bxe5 25. Bxe5 f5 26. Bc2 Nc8 27. Rf1
Ne7 28. Re2 Rf8 29. Rd1 Ng6 30. Bh2 Rf6 31. Kh1 f4 32. Bg1 a6 33. Rde1 Bf7 34.
Be4 Nh4 35. Bf3 Nxf3 36. gxf3 Rfd6 37. Bf2 Kg7 38. Kg2 Kf6 39. Re5 Re6 40. h4
Rde7 41. hxg5+ 1/2-1/2

[Event "69. UEM M2"]
[Site "Schweinfurt / Germany"]
[Date "2018.04.02"]
[Round "1.4"]
[White "Simon, Jonathan"]
[Black "Drewes, Thomas"]
[Result "1/2-1/2"]
[WhiteElo "2019"]
[BlackElo "1792"]
[Annotator "Lukas, Norbert"]
[PlyCount "117"]
[EventDate "2018.04.02"]
[EventType "swiss"]
[EventRounds "9"]
[EventCountry "GER"]
[SourceTitle "69. UEM"]
[Source "SK SW 2000 e.V."]
[SourceDate "2018.04.08"]
[SourceVersion "1"]
[SourceVersionDate "2018.04.08"]
[SourceQuality "1"]
[WhiteTeam "SK 1928 Mömbris"]
[BlackTeam "SV Würzburg von 1865 e.V."]

1. d4 d5 2. c4 c6 3. Nf3 Nf6 4. Nc3 dxc4 5. a4 Bf5 6. e3 e6 7. Bxc4 Bb4 8. O-O
Nbd7 9. Qb3 a5 10. Na2 Qe7 11. Nxb4 axb4 12. Bd2 Nd5 13. Bxd5 exd5 14. Bxb4 Qe4
15. Bd6 b6 16. Rfc1 Rc8 17. a5 bxa5 18. Rxa5 f6 19. Nd2 Qe6 20. Qb4 Kf7 21. Ra6
Nb8 22. Ra7+ Nd7 23. Bg3 h5 24. Qd6 h4 25. Qxe6+ Kxe6 26. Bc7 Ra8 27. Rxc6+ Kf7
28. Rca6 Rxa7 29. Rxa7 Re8 30. b4 Re6 31. Nb3 Ke8 32. Na5 Bd3 33. h3 g5 34. Nb7
Rc6 35. Nc5 Nxc5 36. dxc5 Ra6 37. Rb7 Ra1+ 38. Kh2 Rf1 39. c6 Rxf2 40. Rb8+ Kf7
41. Rb7 Kg6 42. Bd6 Be4 43. Re7 Rxg2+ 44. Kh1 Rc2+ 45. Rxe4 Rxc6 46. Rd4 Rxd6
47. e4 f5 48. Rxd5 Rc6 49. Rxf5 Re6 50. Rf8 Rxe4 51. Rb8 Kf5 52. Rf8+ Kg6 53.
Rg8+ Kf5 54. Rf8+ Kg6 55. Rb8 Kf5 56. b5 Kf4 57. Kg2 Re2+ 58. Kf1 Rb2 59. b6
1/2-1/2

[Event "69. UEM M2"]
[Site "Schweinfurt / Germany"]
[Date "2018.04.02"]
[Round "1.8"]
[White "Susallek, Markus"]
[Black "Böckler, Michael"]
[Result "1-0"]
[WhiteElo "1875"]
[BlackElo "1730"]
[Annotator "Lukas, Norbert"]
[PlyCount "61"]
[EventDate "2018.04.02"]
[EventType "swiss"]
[EventRounds "9"]
[EventCountry "GER"]
[SourceTitle "69. UEM"]
[Source "SK SW 2000 e.V."]
[SourceDate "2018.04.08"]
[SourceVersion "1"]
[SourceVersionDate "2018.04.08"]
[SourceQuality "1"]
[WhiteTeam "SK 1928 Mömbris"]
[BlackTeam "TSV 1928 Trappstadt SAbt."]

1. Nc3 Nf6 2. e4 d6 3. d4 g6 4. f4 Bg7 5. Nf3 O-O 6. e5 dxe5 7. fxe5 Nd5 8. Bc4
c6 9. O-O Bg4 10. Ne4 h6 (10... e6 11. c3 b5 12. Bb3 a5 13. Qe1 Bf5 14. Nh4
Bxe4 15. Qxe4 Kh8 16. Bc2 Qc8 17. g4) 11. c3 b5 12. Bb3 a5 13. Qe1 Bf5 14. Nh4
Bxe4 15. Qxe4 Kh7 16. Bc2 Qe8 17. g4 e6 18. Bd2 Ne7 19. Rf3 Ra7 20. Rh3 Rh8 21.
Rf1 Kg8 22. Rhf3 Nd5 23. Qe1 g5 24. Ng2 Re7 25. Qf2 Nd7 26. Ne1 N7b6 27. b3 a4
28. Nd3 axb3 29. axb3 Ra7 30. Bb1 Re7 31. Nc5 1-0